<?xml version="1.0" encoding="UTF-8"?>
<record
    xmlns:xsi="http://www.w3.org/2001/XMLSchema-instance"
    xsi:schemaLocation="http://www.loc.gov/MARC21/slim http://www.loc.gov/standards/marcxml/schema/MARC21slim.xsd"
    xmlns="http://www.loc.gov/MARC21/slim">

  <leader>01024nas a2200253Ia 4500</leader>
  <controlfield tag="001">R109/G8422</controlfield>
  <controlfield tag="003">IT-RoPAU</controlfield>
  <controlfield tag="008">151124c99999999xx ||||||||||||   ||und||</controlfield>
  <datafield tag="040" ind1=" " ind2=" ">
    <subfield code="a">IT-RoPAU</subfield>
  </datafield>
  <datafield tag="040" ind1=" " ind2=" ">
    <subfield code="c">IT-RoPAU</subfield>
  </datafield>
  <datafield tag="041" ind1=" " ind2=" ">
    <subfield code="a">FRANCESE</subfield>
  </datafield>
  <datafield tag="100" ind1=" " ind2=" ">
    <subfield code="a">Lamperiere Annick</subfield>
    <subfield code="g">Codice Aut. SPICS: 55863</subfield>
  </datafield>
  <datafield tag="210" ind1=" " ind2=" ">
    <subfield code="a">COMMUNICATIONS</subfield>
  </datafield>
  <datafield tag="222" ind1=" " ind2=" ">
    <subfield code="a">Communications</subfield>
  </datafield>
  <datafield tag="245" ind1=" " ind2=" ">
    <subfield code="a">COMMUNICATIONS, N.71 (2001)</subfield>
    <subfield code="b">Moi, Rigoberta Menchu'. Temoignage D'Une Indienne Internationale</subfield>
  </datafield>
  <datafield tag="250" ind1=" " ind2=" ">
    <subfield code="a">1a ed.</subfield>
  </datafield>
  <datafield tag="260" ind1=" " ind2=" ">
    <subfield code="a">PARIS</subfield>
    <subfield code="b">SEUIL</subfield>
    <subfield code="c">2001</subfield>
  </datafield>
  <datafield tag="501" ind1=" " ind2=" ">
    <subfield code="b">Paulus - SPICS - Societ&#xE0; San Paolo EM (non-commercial uses only)</subfield>
    <subfield code="c">Copyright2015</subfield>
  </datafield>
  <datafield tag="300" ind1=" " ind2=" ">
    <subfield code="a">40 p. [395-434]</subfield>
  </datafield>
  <datafield tag="362" ind1=" " ind2=" ">
    <subfield code="a">N.71 (2001)</subfield>
  </datafield>
  <datafield tag="500" ind1=" " ind2=" ">
    <subfield code="a">Testimonianza di una Indiana Internazionale. Cos'E' una Testimonianza? Energie della Testimonianza. Testimonianza Come Rappresentazione. Comunit&#xE0; Autorappresentata. Intermediari. Politica Ladina e Politica Indiana. Produzione di una Testimonianza: Contest</subfield>
  </datafield>
  <datafield tag="650" ind1=" " ind2=" ">
    <subfield code="a">COMUNICAZIONE</subfield>
    <subfield code="v">PUBBLICAZIONE PERIODICA</subfield>
  </datafield>
  <datafield tag="942" ind1=" " ind2=" ">
    <subfield code="c">CR</subfield>
  </datafield>
  <datafield tag="999" ind1=" " ind2=" ">
    <subfield code="c">203516</subfield>
    <subfield code="d">203516</subfield>
  </datafield>
  <datafield tag="952" ind1=" " ind2=" ">
    <subfield code="0">0</subfield>
    <subfield code="1">0</subfield>
    <subfield code="4">0</subfield>
    <subfield code="6">R_109_000000000000000_G8422</subfield>
    <subfield code="7">1</subfield>
    <subfield code="a">SPICS</subfield>
    <subfield code="b">SPICS</subfield>
    <subfield code="d">2015-11-25</subfield>
    <subfield code="l">0</subfield>
    <subfield code="o">R109/G8422</subfield>
    <subfield code="r">2015-11-25 00:00:00</subfield>
    <subfield code="w">2015-11-25</subfield>
    <subfield code="y">CR</subfield>
    <subfield code="z">Progr. Ins: 45282 / Copia rara: NO / date import: 25.11.2015  / By Epidotti, Trombetti, Vaglietti</subfield>
  </datafield>
</record>
